00618cam a22002291 4500001001300000003000400013005001700017008004100034010001700075035002000092040001900112042001200131050001500143060002300158100002800181245007300209260002800282300001500310700002800325700001800353999001700371med47001742 DLC20260227111603.0811121m19431946xx a 000 0 fre  amed47001742  a(OCoLC)14740106 aDLCcDNLMdDLC apremarc00aRJ45b.D320 aWS 200bD288p 19431 aDebré, Robert,d1882-10aPathologie infantile,cpar R. Debré, E. Lesné [et] P. Rohmer ... aParis,bDoin,c1943-46. a2 v.bill.1 aLesné, Edmond,d1871-1 aRohmer, Paul. c38391d38391